000 01175nam a2200253Ia 4500
001 11538
003 GE_BSU
008 181216s||||||||xx |||||||||||||| ||und||
040 _cGE_BSU
080 _a27–247(038)+81'374.26:27-247=353.1'01
100 _aიმნაიშვილი,ი.
245 _aქართული ოთხთავის სიმფონია = Симфония-словарь к грузинскому четвероглаву
245 _bლექსიკონი.
245 _cა.შანიძის რედაქციით.
260 _bსაქ.სსრ მეცნ.აკად.გამ-ბა.
260 _c1949.
300 _a839გვ;25სმ.
520 _aძველი ქართული ენის ძეგლები.6.
653 _a=Симфония-словарь к грузинскому четвероглаву
653 _aრელიგია. სახარება. ლექსიკონი.
653 _aსახარება; ძველი აღთქმა;
653 _aქართული ოთხთავის სიმფონია.
942 _cBK
999 _c44733
_d44733